| 000 | 00753nam a2200193 a 4500 | ||
|---|---|---|---|
| 001 | 000033342 | ||
| 005 | 20240409073643.0 | ||
| 008 | 110824s1956 dr r 000 0 spa d | ||
| 040 |
_aDO-SdBNP _bspa _cBNPHU |
||
| 082 |
_a330.97293053 _bC748 |
||
| 245 | 0 | 0 | _aConferencias. |
| 260 |
_aCiudad Trujillo, República Dominicana : _bBanco Central de la República Dominicana, _c1956. |
||
| 300 |
_a99 p. ; _c24 cm. |
||
| 500 | _aPublicaciones del 25 aniversario de La Era de Trujillo | ||
| 590 | _aInventariado, 2018/MFF | ||
| 651 | 4 |
_aRepública Dominicana _xPolítica Económica _yERA DE TRUJILLO, 1930-1961 _958931 |
|
| 651 | 4 |
_aRepública Dominicana _xCondiciones Económicas _yERA DE TRUJILLO, 1030-1961 _958932 |
|
| 910 | _aValidado. Control de calidad MFF | ||
| 999 |
_c32833 _d32833 |
||